[Event "Hastings7273"]
[Site "Hastings"]
[Date "1972.??.??"]
[Round "1"]
[White "Hartston, William R"]
[Black "Tukmakov, Vladimir B"]
[Result "1-0"]
[WhiteElo "2420"]
[BlackElo "2560"]

1.e4 c5 2.Nf3 Nc6 3.d4 cxd4 4.Nxd4 Nf6 5.Nc3 d6 6.Bc4 e6 7.Be3 a6 8.Qe2 Na5
9.Bd3 Qc7 10.f4 b5 11.O-O Bb7 12.a3 Be7 13.Rad1 Rc8 14.Kh1 O-O 15.Bc1 Nc4
16.Rf3 g6 17.Rh3 e5 18.Nf3 exf4 19.Rf1 Qc5 20.b4 Qb6 21.Bxf4 Ng4 22.Bxc4 bxc4
23.Nd2 h5 24.Nxc4 Rxc4 25.Qxc4 Nf2+ 26.Rxf2 Qxf2 27.Rf3 Qxc2 28.Bh6 d5 29.Qd4 f6
30.Bxf8 dxe4 31.Rf1 Kxf8 32.Nd5 Bxd5 33.Qxd5 Qe2 34.Qd1 Qb2 35.Qc1 Qa2 36.Qh6+ Kf7
37.Qh7+ Kf8 38.Qxg6 Qxa3 39.Qxe4 Kf7 40.Qh7+ Kf8 41.Qh8+  1-0

[Event "Hastings7273"]
[Site "Hastings"]
[Date "1972.??.??"]
[Round "1"]
[White "Stean, Michael"]
[Black "Larsen, Bent"]
[Result "0-1"]
[WhiteElo "2275"]
[BlackElo "2625"]

1.c4 Nf6 2.Nf3 e6 3.g3 b6 4.Bg2 Bb7 5.O-O d5 6.b3 Nbd7 7.Bb2 Bb4 8.a3 Be7
9.d3 O-O 10.Nbd2 a5 11.Qc2 Qb8 12.e4 dxe4 13.dxe4 Nc5 14.Rfe1 Rd8 15.e5 Ng4
16.h3 Nh6 17.Nd4 Bxg2 18.Kxg2 Qb7+ 19.f3 Nf5 20.Nxf5 exf5 21.Nf1 b5 22.Ne3 bxc4
23.Nxf5 Bg5 24.Rad1 Qxb3 25.Qxb3 cxb3 26.f4 Na4 27.Bd4 g6 28.Ne3 Be7 29.Nc4 Rd5
30.Ba1 Rad8 31.Rxd5 Rxd5 32.Kf3 Rc5 33.Re4 Nb6 34.Nd2 a4 35.Ke3 Rc1 36.Bd4 c5
37.Bb2 Rc2  0-1

[Event "Hastings7273"]
[Site "Hastings"]
[Date "1972.??.??"]
[Round "1"]
[White "Radulov, Ivan"]
[Black "Wade, Robert Graham"]
[Result "1/2-1/2"]
[WhiteElo "2490"]
[BlackElo "2375"]

1.e4 c6 2.d4 d5 3.Nc3 dxe4 4.Nxe4 Nf6 5.Nxf6+ exf6 6.Bc4 Qe7+ 7.Qe2 Be6 8.Bxe6 Qxe6
9.Bf4 Na6 10.O-O-O O-O-O 11.Qxe6+ fxe6 12.Ne2 c5 13.Bg3 cxd4 14.Nxd4 e5 15.Ne6 Re8
16.Nxf8 Rhxf8 17.f3 Rd8 18.c3 Nc5 19.Kc2 Ne6 20.Bf2 Kc7 21.a4 a6 22.a5 Rxd1
23.Rxd1 Kc6 24.Bb6 Rf7 25.b4 Rd7 26.Rxd7 Kxd7 27.c4 Nf4 28.g3 Ne6 29.Kd3 f5
30.Be3 g6 31.Ba7 Ng5 32.Ke3 Nf7 33.Bc5 h5 34.Kd3 Ng5 35.Ke3 Nf7  1/2-1/2

[Event "Hastings7273"]
[Site "Hastings"]
[Date "1972.??.??"]
[Round "1"]
[White "Mestel, A Jonathan"]
[Black "Browne, Walter S"]
[Result "1/2-1/2"]
[WhiteElo "2200"]
[BlackElo "2530"]

1.e4 c5 2.Nc3 d6 3.Nf3 Nf6 4.d4 cxd4 5.Nxd4 a6 6.Bc4 e6 7.Bb3 b5 8.O-O Be7
9.f4 O-O 10.e5 dxe5 11.fxe5 Nfd7 12.Qh5 Nc5 13.Be3 Nxb3 14.axb3 Bb7 15.Rf2 Nc6
16.Nxc6 Bxc6 17.Raf1 f5 18.exf6 Bxf6 19.Qg4 Qe7 20.Ne4 Bxe4 21.Qxe4 Bxb2
22.Rxf8+ Rxf8 23.Rxf8+ Kxf8 24.Qxh7 Qb4 25.Qh8+ Kf7 26.Qh5+ g6 27.Qf3+ Kg8
28.Bb6 Qe1+ 29.Qf1 Qe4 30.Qd3 Qe1+ 31.Qf1 Qe4 32.Qd3 Qxd3 33.cxd3 Bc3 34.Bc5 a5
35.Ba3 b4 36.Bc1 a4 37.bxa4 b3 38.a5 b2 39.Bxb2 Bxb2 40.Kf2 Kf7 41.Ke3 e5
42.h4  1/2-1/2

[Event "Hastings7273"]
[Site "Hastings"]
[Date "1972.??.??"]
[Round "1"]
[White "Westerinen, Heikki MJ"]
[Black "Barcza, Gedeon"]
[Result "1/2-1/2"]
[WhiteElo "2450"]
[BlackElo "2465"]

1.e4 c6 2.d4 d5 3.Nc3 dxe4 4.Nxe4 Nd7 5.Bc4 Ngf6 6.Ng5 e6 7.Qe2 Nb6 8.Bd3 c5
9.N1f3 h6 10.Ne4 cxd4 11.O-O Nxe4 12.Qxe4 Qd5 13.Nxd4 Qxe4 14.Bxe4 a6 15.Bf4 Be7
16.Bc7 Nc4 17.Rfe1 O-O 18.b3 Nd6 19.Bf3 Nb5 20.Nxb5 axb5 21.a4 bxa4 22.Rxa4 Rxa4
23.bxa4 Bd7 24.Bxb7 Bxa4 25.c4 Bc6 26.Bxc6 Rc8 27.Ra1 Rxc7 28.Ra8+ Kh7 29.Bb5 g5
30.Kf1 Kg7 31.Ke2 Bc5 32.f3 Ra7 33.Rxa7 Bxa7  1/2-1/2

[Event "Hastings7273"]
[Site "Hastings"]
[Date "1972.??.??"]
[Round "1"]
[White "Eley, Brian"]
[Black "Uhlmann, Wolfgang"]
[Result "0-1"]
[WhiteElo "2345"]
[BlackElo "2530"]

1.e4 e6 2.d4 d5 3.Nc3 Bb4 4.exd5 exd5 5.Bd3 Nc6 6.Ne2 Nge7 7.O-O O-O 8.Ng3 f5
9.Nce2 Bd6 10.Nh5 Qe8 11.Nhf4 h6 12.Bb5 g5 13.Bxc6 Qxc6 14.Nd3 f4 15.f3 Nf5
16.Ne5 Qb6 17.Ng4 Bd7 18.a4 Rae8 19.Qd3 Kg7 20.Bd2 Nh4 21.a5 Qb5 22.Nc3 Qxd3
23.cxd3 c6 24.Na4 Bf5 25.Nc5 Rf7 26.Rae1 Rxe1 27.Bxe1 Ng6 28.Bc3 h5 29.Nf2 g4
30.fxg4 hxg4 31.Re1 g3 32.hxg3 fxg3 33.Nh1 b6 34.Ne6+ Kf6 35.Nd8 Rc7 36.a6 Bf4
37.Rd1 Bg4 38.Re1 Rc8 39.Nb7 Rh8 40.Bb4 Rh2 41.Nd8 c5 42.dxc5 Nh4 43.cxb6 Rxg2+
44.Kf1 Rh2  0-1

[Event "Hastings7273"]
[Site "Hastings"]
[Date "1972.??.??"]
[Round "2"]
[White "Barcza, Gedeon"]
[Black "Wade, Robert Graham"]
[Result "1/2-1/2"]
[WhiteElo "2465"]
[BlackElo "2375"]

1.Nf3 d6 2.d4 Bg4 3.e4 Nf6 4.Nc3 e6 5.Be2 Be7 6.O-O O-O 7.Ne1 Bxe2 8.Qxe2 d5
9.exd5 Nxd5 10.Ne4 Nf6 11.c3 Qd5 12.Nxf6+ Bxf6 13.Nd3 Qc4 14.Re1 Nd7 15.Bf4 b6
16.Rad1 Rfd8 17.Nb4 Qxe2 18.Rxe2 c5 19.dxc5 Nxc5 20.Red2 Rxd2 21.Rxd2 g5
22.Be3 Rc8 23.Kf1 a5 24.Nd3 Nxd3 25.Rxd3 b5 26.Bxg5 Bxg5 27.Rg3 Rc5 28.h4 h6
29.hxg5 hxg5 30.Ke2 Kf8 31.Kd3 Rd5+ 32.Kc2 a4 33.Rg4 Ke7 34.c4 Rc5 35.Kc3 f5
36.Kb4 Re5 37.Rxg5 bxc4 38.f4 Re2 39.Kc3 a3 40.bxa3 Rxa2 41.Kxc4  1/2-1/2

[Event "Hastings7273"]
[Site "Hastings"]
[Date "1972.??.??"]
[Round "2"]
[White "Smyslov, Vassily"]
[Black "Hartston, William R"]
[Result "1/2-1/2"]
[WhiteElo "2620"]
[BlackElo "2420"]

1.c4 g6 2.Nc3 c5 3.g3 Bg7 4.Bg2 Nc6 5.a3 e6 6.b4 Nxb4 7.axb4 cxb4 8.d4 bxc3
9.e3 Ne7 10.Ne2 d5 11.cxd5 Nxd5 12.Ba3 Bf8 13.O-O Bxa3 14.Rxa3 Bd7 15.e4 Ne7
16.Nxc3 O-O 17.Qa1 a5 18.Rb1 Nc6  1/2-1/2

[Event "Hastings7273"]
[Site "Hastings"]
[Date "1972.??.??"]
[Round "2"]
[White "Hort, Vlastimil"]
[Black "Mestel, A Jonathan"]
[Result "1-0"]
[WhiteElo "2600"]
[BlackElo "2200"]

1.Nf3 Nc6 2.b3 e5 3.d3 g6 4.Bb2 Bg7 5.c4 d6 6.g3 Nf6 7.Bg2 O-O 8.O-O Bd7
9.Nc3 Qc8 10.d4 Bh3 11.d5 Ne7 12.e4 Nh5 13.c5 dxc5 14.Na4 Bxg2 15.Kxg2 Qg4
16.Nxc5 b6 17.Na6 f5 18.Nd2 Qxd1 19.Rfxd1 Rac8 20.Ba3 Rf7 21.Rac1 c5 22.b4 fxe4
23.Nxe4 cxb4 24.d6 Rxc1 25.dxe7  1-0

[Event "Hastings7273"]
[Site "Hastings"]
[Date "1972.??.??"]
[Round "2"]
[White "Uhlmann, Wolfgang"]
[Black "Radulov, Ivan"]
[Result "1/2-1/2"]
[WhiteElo "2530"]
[BlackElo "2490"]

1.c4 Nf6 2.Nc3 e6 3.Nf3 d5 4.d4 dxc4 5.e3 c5 6.Bxc4 a6 7.a4 Nc6 8.O-O Qc7
9.d5 exd5 10.Nxd5 Nxd5 11.Qxd5 Bd6 12.Rd1 Ne5 13.Qxd6 Qxd6 14.Rxd6 Nxc4 15.Rd3 b6
16.b3 Na5 17.Bd2 Nc6 18.a5 bxa5 19.Rc3 O-O 20.Rxc5 Bd7 21.Bxa5 Rfb8 22.Nd2 Rb5
23.Rxb5 axb5 24.Bc3 Rxa1+ 25.Bxa1 b4 26.Nc4 Bf5 27.Nd2  1/2-1/2

[Event "Hastings7273"]
[Site "Hastings"]
[Date "1972.??.??"]
[Round "2"]
[White "Larsen, Bent"]
[Black "Eley, Brian"]
[Result "1-0"]
[WhiteElo "2625"]
[BlackElo "2345"]

1.b3 e5 2.Bb2 Nc6 3.e3 Nf6 4.Bb5 d6 5.Ne2 Bd7 6.O-O Be7 7.f4 e4 8.Ng3 O-O
9.Bxc6 bxc6 10.c4 d5 11.Nc3 Re8 12.Rc1 Bg4 13.Nce2 Nd7 14.h3 Bxe2 15.Qxe2 Nc5
16.Qg4 g6 17.f5 Nd3 18.fxg6 hxg6 19.Rxf7 Kxf7 20.Rf1+ Bf6 21.Bxf6  1-0

[Event "Hastings7273"]
[Site "Hastings"]
[Date "1972.??.??"]
[Round "2"]
[White "Tukmakov, Vladimir B"]
[Black "Stean, Michael"]
[Result "0-1"]
[WhiteElo "2560"]
[BlackElo "2275"]

1.Nf3 c5 2.c4 g6 3.d4 cxd4 4.Nxd4 Nc6 5.Nc2 Bg7 6.e4 Nf6 7.Nc3 d6 8.Be2 Nd7
9.Be3 Nc5 10.Qd2 Qa5 11.f3 Bxc3 12.bxc3 Be6 13.O-O f6 14.Nd4 Bf7 15.Nb3 Qa3
16.Rab1 b6 17.Nd4 Rc8 18.Bh6 Ne5 19.Rb4 Na6 20.Nb5 Qa5 21.Bg7 Rg8 22.Bxf6 exf6
23.Nxd6+ Ke7 24.Nb7 Qa3 25.Qd6+ Ke8 26.Rxb6 Nc5 27.Rb3 Qxa2 28.Qxf6 Ncd7
29.Nd6+ Kf8 30.Qg5 Qxb3 31.Nxc8 Kg7 32.Ne7 Re8 33.Rd1 Bxc4 34.Nf5+ Kh8 35.Nd4 Qxc3
36.h4 Bxe2 37.Nxe2 Qc5+ 38.Kh1 Qe7 39.Qg3 Nf6 40.Nf4 a5 41.Ra1 Ra8 42.Nd5 Nxd5
43.exd5 Nf7 44.Qf4 Qe5  0-1

[Event "Hastings7273"]
[Site "Hastings"]
[Date "1972.??.??"]
[Round "3"]
[White "Eley, Brian"]
[Black "Tukmakov, Vladimir B"]
[Result "0-1"]
[WhiteElo "2345"]
[BlackElo "2560"]

1.e4 c5 2.Nf3 e6 3.d4 cxd4 4.Nxd4 Nf6 5.Nc3 d6 6.Be3 Be7 7.Be2 Nc6 8.O-O O-O
9.f4 Bd7 10.Qe1 a6 11.Qg3 Nxd4 12.Bxd4 Bc6 13.Bd3 b5 14.a3 Qd7 15.Qh3 e5
16.fxe5 dxe5 17.Bxe5 Bc5+ 18.Kh1 Qxh3 19.gxh3 Nd7 20.Bg3 f5 21.Bf2 Rae8 22.Bxc5 Nxc5
23.Kg1 fxe4 24.Rxf8+ Kxf8 25.Bf1 Rd8 26.Bg2 Rd2 27.Rf1+ Ke7 28.Rf2 Rd4 29.Re2 a5
30.Kf2 Ke6 31.Ke3 Ke5 32.Rf2 b4 33.axb4 axb4 34.Ne2 Rd7 35.h4 b3 36.Nf4 Bb5
37.cxb3 Nd3 38.Bh3 Nxf2 39.Bxd7 Bxd7 40.Nh5 Ng4+  0-1

[Event "Hastings7273"]
[Site "Hastings"]
[Date "1972.??.??"]
[Round "3"]
[White "Wade, Robert Graham"]
[Black "Uhlmann, Wolfgang"]
[Result "0-1"]
[WhiteElo "2375"]
[BlackElo "2530"]

1.c4 e5 2.Nc3 Nf6 3.Nf3 Nc6 4.d3 g6 5.g3 Bg7 6.Bg2 O-O 7.O-O d6 8.Rb1 Nh5
9.b4 f5 10.b5 Ne7 11.e3 h6 12.Ne1 Kh7 13.Bd2 f4 14.Nc2 a6 15.bxa6 Rxa6 16.Nb4 Ra3
17.exf4 exf4 18.Nb5 Ra8 19.Bc3 Nf6 20.Bb2 c6 21.Nc3 Bg4 22.Bf3 Bxf3 23.Qxf3 fxg3
24.Qxg3 Nf5 25.Qh3 Nd4 26.Ne4 Nxe4 27.dxe4 Rf3 28.Qg2 Ra5 29.Nd5 Rf7 30.Bxd4 Bxd4
31.Rbd1 Ba7 32.Kh1 cxd5 33.Rxd5 Rxa2 34.e5 Raxf2 35.Rxf2 Rxf2  0-1

[Event "Hastings7273"]
[Site "Hastings"]
[Date "1972.??.??"]
[Round "3"]
[White "Stean, Michael"]
[Black "Smyslov, Vassily"]
[Result "1/2-1/2"]
[WhiteElo "2275"]
[BlackElo "2620"]

1.e4 e5 2.Nf3 Nc6 3.Bb5 a6 4.Bxc6 dxc6 5.O-O Qd6 6.c3 Bg4 7.d4 f6 8.Be3 Nh6
9.Nbd2 Nf7 10.Qb3 b5 11.c4 Be7 12.Rac1 exd4 13.Nxd4 c5 14.Nf5 Bxf5 15.exf5 b4
16.Qa4+ Qd7 17.Qxd7+ Kxd7 18.Ne4  1/2-1/2

[Event "Hastings7273"]
[Site "Hastings"]
[Date "1972.??.??"]
[Round "3"]
[White "Radulov, Ivan"]
[Black "Larsen, Bent"]
[Result "1-0"]
[WhiteElo "2490"]
[BlackElo "2625"]

1.e4 c6 2.d4 d5 3.Nc3 dxe4 4.Nxe4 Nf6 5.Nxf6+ gxf6 6.Nf3 Bf5 7.Bd3 Bg6 8.O-O Qc7
9.c4 Nd7 10.d5 O-O-O 11.Be3 e5 12.Be2 Kb8 13.Rc1 f5 14.c5 Nxc5 15.Bxc5 e4
16.Bd4 exf3 17.Bxh8 fxe2 18.Qxe2 Bd6 19.Bf6 Bxh2+ 20.Kh1 Bf4 21.Rc4  1-0

[Event "Hastings7273"]
[Site "Hastings"]
[Date "1972.??.??"]
[Round "3"]
[White "Mestel, A Jonathan"]
[Black "Westerinen, Heikki MJ"]
[Result "1/2-1/2"]
[WhiteElo "2200"]
[BlackElo "2450"]

1.e4 e5 2.Nf3 Nc6 3.Bc4 Be7 4.d4 d6 5.h3 Nf6 6.Nc3 O-O 7.O-O h6 8.Re1 Re8
9.b3 a6 10.Bb2 b5 11.Bf1 Bb7 12.Qd2 Bf8 13.a3 g6 14.a4 exd4 15.Nxd4 Nxd4
16.Qxd4 Bg7 17.axb5 Nxe4 18.Qd3 axb5 19.Qxb5 Rb8 20.Qd3 Nc5 21.Qd2 Qh4 22.g3 Qb4
23.Bg2 Bxg2 24.Kxg2 Qb7+ 25.Kh2 Qf3 26.Rab1 Ne6 27.Ne4 Bxb2 28.Rxb2 Ng5 29.Nxg5 hxg5
30.Rbb1  1/2-1/2

[Event "Hastings7273"]
[Site "Hastings"]
[Date "1972.??.??"]
[Round "4"]
[White "Tukmakov, Vladimir B"]
[Black "Radulov, Ivan"]
[Result "1/2-1/2"]
[WhiteElo "2560"]
[BlackElo "2490"]

1.e4 c5 2.Nf3 Nc6 3.d4 cxd4 4.Nxd4 Nf6 5.Nc3 d6 6.Bg5 Bd7 7.Qd2 Nxd4 8.Qxd4 Qa5
9.f4 h6 10.b4 Qd8 11.Bxf6 gxf6 12.Nd5 Bg7 13.Bc4 O-O 14.f5 e6 15.Ne3 b5 16.Bb3 a5
17.Qxd6 a4 18.fxe6 Bxe6 19.Qxd8 Raxd8 20.Bd5 f5 21.O-O-O fxe4 22.Bxe6 fxe6
23.Rxd8 Rxd8 24.Rd1 Rc8 25.Rd6 Kf7 26.Rd7+ Kg6 27.Rd6 Kf7 28.Rd7+ Kg6  1/2-1/2

[Event "Hastings7273"]
[Site "Hastings"]
[Date "1972.??.??"]
[Round "4"]
[White "Browne, Walter S"]
[Black "Stean, Michael"]
[Result "1/2-1/2"]
[WhiteElo "2530"]
[BlackElo "2275"]

1.e4 c5 2.Nf3 d6 3.d4 cxd4 4.Nxd4 Nf6 5.Nc3 a6 6.f4 Qc7 7.Bd3 Nbd7 8.Nf3 b5
9.O-O Bb7 10.Qe1 e5 11.Kh1 b4 12.Nd1 Nc5 13.Nf2 Be7 14.fxe5 dxe5 15.Bg5 O-O
16.Bxf6 gxf6 17.Ng4 Bc8 18.Nh6+ Kg7 19.Qe3 Ne6 20.Nf5+ Kh8 21.Qh6 Rg8 22.N3h4 Nf4
23.g3 Ng6 24.Nxe7 Qxe7 25.Nf5 Bxf5 26.Rxf5 Rac8 27.Raf1 Rc6 28.h4 Qa7 29.Rxf6 Qd7
30.Kh2 Rxf6 31.Rxf6 Nf4 32.Rf5 Qa7 33.Rxf4 exf4 34.Qxf4 Qd4 35.Qxf7 Qe5 36.Qf4 Re8
37.Qxe5+ Rxe5 38.g4 h6 39.Kg3 Kg7 40.Kf4 Ra5 41.Bc4 Rc5 42.Bb3 Kf6 43.a3 bxa3
44.bxa3 Ra5 45.a4 Rc5 46.c4 Ra5 47.Bc2 Rc5 48.Bd3 Ra5 49.c5 Rxa4 50.g5+ hxg5+
51.hxg5+ Ke7 52.c6 Ra1 53.Bc4 Rc1 54.Bd5 a5 55.Kf5 a4 56.g6 Rf1+ 57.Kg5 Rg1+
58.Kh6 Rh1+ 59.Kg7 a3 60.e5 Rc1 61.Kh7 Rh1+ 62.Kg8 Rh5 63.c7 Kd7 64.e6+ Kxc7
65.Ba2 Kd6 66.Kf8 Rf5+ 67.Ke8 Rg5 68.Kf7 Rf5+ 69.Ke8 Rg5 70.Kf7  1/2-1/2

[Event "Hastings7273"]
[Site "Hastings"]
[Date "1972.??.??"]
[Round "4"]
[White "Larsen, Bent"]
[Black "Wade, Robert Graham"]
[Result "1-0"]
[WhiteElo "2625"]
[BlackElo "2375"]

1.b3 Nf6 2.Bb2 e6 3.f4 b6 4.Nf3 Bb7 5.e3 c5 6.Bd3 Nc6 7.O-O Qc7 8.Nc3 a6
9.a3 d5 10.Ne2 b5 11.Bxf6 gxf6 12.c4 dxc4 13.bxc4 b4 14.Bc2 O-O-O 15.Qb1 Bd6
16.axb4 Nxb4 17.Be4 Bxe4 18.Qxe4 f5 19.Qb1 Rhg8 20.Nc1 Kd7 21.Nd3 Rb8 22.Nxb4 Rxb4
23.Qe1 Qb7 24.Qh4 Rg7 25.Qf6 Bf8 26.Ra3 Ke8 27.Qa1 Rb6 28.Ra5 Rg6 29.g3 Bd6
30.Ne5 Rg8 31.Nd3 h5 32.Nxc5 Bxc5 33.Rxc5 h4 34.Kf2 Rb2 35.Rc8+ Qxc8 36.Qxb2 hxg3+
37.hxg3 Ke7 38.Qb4+ Kf6 39.Qc3+ Kg6 40.Rg1 Qd8 41.Ke2 f6 42.Qd3 Qxd3+ 43.Kxd3 e5
44.c5 Rd8+ 45.Kc3 e4 46.d4 exd3 47.Rd1 d2 48.Rxd2 Rxd2 49.Kxd2 Kf7 50.e4 fxe4
51.g4 a5 52.c6  1-0

[Event "Hastings7273"]
[Site "Hastings"]
[Date "1972.??.??"]
[Round "4"]
[White "Westerinen, Heikki MJ"]
[Black "Rajkovic, Dusan"]
[Result "1/2-1/2"]
[WhiteElo "2450"]
[BlackElo "2390"]

1.e4 c5 2.Nf3 d6 3.d4 cxd4 4.Nxd4 Nf6 5.Nc3 Nc6 6.Be2 g6 7.O-O Nxd4 8.Qxd4 Bg7
9.Bg5 O-O 10.Qe3 Be6 11.f4 Qc7 12.Kh1 Bc4 13.Rad1 Rfd8 14.Rd2 b5 15.Nxb5 Bxb5
16.Bxb5 Qb7 17.Bc4 Qxe4 18.Qb3 d5 19.Bd3 Qd4 20.c3 Qb6 21.Re2 e6 22.Qxb6 axb6
23.a3 Rdc8 24.h3 Nd7 25.Bh4 Nc5 26.Bb1 Ra4 27.Be1 f5 28.Bc2 Ra6 29.Bf2 Kf7
30.Kh2 Bf6  1/2-1/2

[Event "Hastings7273"]
[Site "Hastings"]
[Date "1972.??.??"]
[Round "5"]
[White "Wade, Robert Graham"]
[Black "Tukmakov, Vladimir B"]
[Result "0-1"]
[WhiteElo "2375"]
[BlackElo "2560"]

1.d4 Nf6 2.c4 g6 3.Nc3 d5 4.Nf3 Bg7 5.Bf4 O-O 6.Rc1 dxc4 7.e3 Be6 8.Ng5 Bd5
9.e4 h6 10.exd5 hxg5 11.Be3 Nxd5 12.Qf3 Nb6 13.h4 gxh4 14.Qe4 e6 15.Rxh4 Nc6
16.Rd1 Qe7 17.Rh1 Rfe8 18.Qg4 e5 19.dxe5 Nxe5 20.Qh3 f5 21.Kd2 Rad8+ 22.Kc2 Rxd1
23.Kxd1 Kf7 24.Qg3 Rh8 25.Rxh8 Bxh8 26.Kc2 Bg7 27.Be2 Qd7 28.f4 Nd3 29.Bxb6 axb6
30.Bxd3 cxd3+ 31.Qxd3 Qxd3+ 32.Kxd3 Ke6 33.Nd1 b5 34.b3 c5 35.Ne3 Bd4 36.Nc2 Bb2
37.g3 Kd6 38.Ne3 Bd4 39.Ng2 Ke6 40.Nh4 Kf6 41.Ke2 Kf7 42.Nf3 Bf6 43.Nd2 Ke6
44.Nf3 Kd5 45.Ke3 b4 46.Kd3 b5 47.Ke3 c4 48.Ne1 Bd8 49.Nf3 Be7 50.Ke2 Bd8
51.Ke3 Bf6 52.Ne1 Bd4+ 53.Kf3 Bb6 54.Nc2 Bc5 55.Ke2 Ke4 56.Ne1 Kd4 57.Kd2 Ke4
58.Ke2 Be7 59.Nc2 c3 60.Ne1  0-1

[Event "Hastings7273"]
[Site "Hastings"]
[Date "1972.??.??"]
[Round "5"]
[White "Eley, Brian"]
[Black "Browne, Walter S"]
[Result "0-1"]
[WhiteElo "2345"]
[BlackElo "2530"]

1.e4 c5 2.Nf3 d6 3.d4 cxd4 4.Nxd4 Nf6 5.Nc3 a6 6.Bg5 e6 7.f4 Be7 8.Qf3 h6
9.Bh4 Nbd7 10.Bf2 Qc7 11.O-O-O b5 12.a3 Rb8 13.Nb3 b4 14.axb4 Rxb4 15.Rd4 Rxd4
16.Nxd4 Bb7 17.Bd3 Nc5 18.Re1 O-O 19.g4 d5 20.e5 Nfe4 21.Bxe4 Nxe4 22.Nxe4 dxe4
23.Qg3 Bd5 24.Kb1 Rb8 25.Nb3 a5 26.Bd4 a4 27.Nc1 Qb7 28.g5 hxg5 29.fxg5 Bc5
30.Qe3 Qb6 31.Rd1 Qxb2+ 32.Bxb2 Bxe3 33.Ka1 Rc8 34.Kb1 Bxg5  0-1

[Event "Hastings7273"]
[Site "Hastings"]
[Date "1972.??.??"]
[Round "5"]
[White "Radulov, Ivan"]
[Black "Smyslov, Vassily"]
[Result "1/2-1/2"]
[WhiteElo "2490"]
[BlackElo "2620"]

1.e4 e5 2.Nf3 Nc6 3.d4 exd4 4.Nxd4 Bc5 5.Nb3 Bb6 6.Nc3 Nf6 7.Bg5 h6 8.Bh4 d6
9.Qe2 Be6 10.O-O-O g5 11.Bg3 Qe7 12.f3 O-O-O 13.Bf2 d5 14.Bxb6 axb6 15.exd5 Nxd5
16.Nxd5 Rxd5 17.Rxd5 Bxd5 18.Qxe7  1/2-1/2

[Event "Hastings7273"]
[Site "Hastings"]
[Date "1972.??.??"]
[Round "5"]
[White "Uhlmann, Wolfgang"]
[Black "Larsen, Bent"]
[Result "1-0"]
[WhiteElo "2530"]
[BlackElo "2625"]

1.c4 Nf6 2.Nc3 e6 3.Nf3 Bb4 4.Qc2 O-O 5.a3 Bxc3 6.Qxc3 d6 7.d4 b6 8.g3 Bb7
9.Bg2 Nbd7 10.O-O Qe7 11.b3 e5 12.d5 a5 13.Nh4 Nc5 14.Bb2 Rfe8 15.Qc2 b5
16.Nf5 Qf8 17.f4 bxc4 18.fxe5 dxe5 19.bxc4 Ncd7 20.Bc1 Nb6 21.Be3 Ng4 22.Bxb6 cxb6
23.Qe4 Qc5+ 24.Kh1 h5 25.h3 Nf2+ 26.Rxf2 Qxf2 27.Rf1 Qc5 28.Qh4 Qf8 29.Qg5 f6
30.Qg6 Re7 31.Be4 Qe8 32.Nh6+ Kf8 33.Rxf6+  1-0

[Event "Hastings7273"]
[Site "Hastings"]
[Date "1972.??.??"]
[Round "5"]
[White "Hartston, William R"]
[Black "Westerinen, Heikki MJ"]
[Result "1-0"]
[WhiteElo "2420"]
[BlackElo "2450"]

1.e4 e5 2.Nf3 Nc6 3.Bb5 a6 4.Ba4 d6 5.O-O Bd7 6.d4 Nf6 7.c3 Be7 8.Re1 O-O
9.h3 Re8 10.Nbd2 Bf8 11.Bc2 g6 12.d5 Ne7 13.Nf1 Bg7 14.Ng3 Rf8 15.Bg5 h6
16.Be3 Kh8 17.Qd2 Nfg8 18.Nh2 f5 19.exf5 gxf5 20.f4 Qe8 21.Bd1 Qf7 22.c4 exf4
23.Bxf4 Qf6 24.Rb1 Qd4+ 25.Qxd4 Bxd4+ 26.Kh1 Ng6 27.Nf3 Bb6 28.Nh5 Rae8 29.Bc2 Nxf4
30.Nxf4 Kg7 31.g3 Nf6 32.Kg2 Ne4 33.Re2 Ng5 34.Rbe1 Kf7 35.Nh4 Bd4 36.Nxf5 Bxf5
37.Bxf5 Re5 38.g4 Bxb2 39.h4 Bc3 40.Rc1 Rxe2+ 41.Nxe2  1-0

[Event "Hastings7273"]
[Site "Hastings"]
[Date "1972.??.??"]
[Round "5"]
[White "Stean, Michael"]
[Black "Hort, Vlastimil"]
[Result "1/2-1/2"]
[WhiteElo "2275"]
[BlackElo "2600"]

1.e4 d6 2.d4 Nf6 3.Nc3 g6 4.f4 Bg7 5.Nf3 c5 6.dxc5 Qa5 7.Bd3 Qxc5 8.Qe2 O-O
9.Be3 Qa5 10.O-O Bg4 11.Qe1 Nc6 12.Kh1 Rac8 13.a3 Rfd8 14.Qg3 Qh5 15.Rae1 d5
16.e5 d4 17.exf6 Bxf6 18.Ne4 dxe3 19.Nxf6+ exf6 20.Rxe3 Bf5 21.Bxf5 Qxf5
22.c3 Re8 23.Qe1 Kf8 24.Rxe8+ Rxe8 25.Qd2 Rd8 26.Nd4 Nxd4 27.cxd4 Qe4 28.Rd1 Rc8
29.Re1 Qd5 30.h3 Rc4 31.Rd1 Qe4 32.Qf2 b6 33.d5 Qxf4 34.Qxf4 Rxf4 35.d6 Ke8
36.Re1+ Kd7 37.Re7+ Kxd6 38.Rxa7 h5 39.Rxf7 Rf1+ 40.Kh2 h4 41.a4 Rf4 42.Ra7 Rb4
43.a5 bxa5 44.Rxa5 Rxb2 45.Ra4 g5 46.Ra5 Rb1 47.Rf5 Ke6 48.Ra5 Re1 49.Rb5 Re3
50.Ra5 Re5 51.Ra6+ Kf5 52.Rb6 Re6 53.Rb4 Kg6 54.Ra4 f5 55.Rb4 Kf6 56.Ra4 f4
57.Ra5 Re5 58.Ra6+ Kf5 59.Ra4 Re3 60.Ra5+ Re5 61.Ra4 g4 62.hxg4+ Kxg4 63.Ra8 Rg5
64.Rf8 h3 65.Rh8  1/2-1/2

[Event "Hastings7273"]
[Site "Hastings"]
[Date "1972.??.??"]
[Round "5"]
[White "Mestel, A Jonathan"]
[Black "Barcza, Gedeon"]
[Result "1/2-1/2"]
[WhiteElo "2200"]
[BlackElo "2465"]

1.e4 c6 2.d4 d5 3.exd5 cxd5 4.Bd3 Nc6 5.c3 Nf6 6.Bf4 Bg4 7.Qb3 Na5 8.Qa4+ Bd7
9.Qc2 Rc8 10.Nf3 Nc6 11.Qe2 Bg4 12.Nbd2 e6 13.Qe3 Bh5 14.Ne5 a6 15.Ndf3 Bg6
16.Nxg6 hxg6 17.O-O Qd7 18.h3 Bd6 19.Ne5 Nxe5 20.Bxe5 Bxe5 21.dxe5 Ng8 22.Rfd1 Qc7
23.Rac1 Rh5 24.f4 Qc5 25.Qxc5 Rxc5 26.c4 dxc4 27.Bxc4 Ne7 28.Be2 Rxc1 29.Rxc1 Rh4
30.g3 Rxh3 31.Kg2 Rh6 32.Rc7 g5 33.Rxb7 gxf4 34.Bxa6 Nd5 35.Bb5+ Kd8 36.Bc6 Ne3+
37.Kf3 Nf5 38.Be4 Nxg3 39.Kxf4 Nxe4 40.Kxe4 f5+ 41.exf6 gxf6  1/2-1/2

[Event "Hastings7273"]
[Site "Hastings"]
[Date "1972.??.??"]
[Round "6"]
[White "Hort, Vlastimil"]
[Black "Eley, Brian"]
[Result "1-0"]
[WhiteElo "2600"]
[BlackElo "2345"]

1.d4 Nf6 2.Nf3 e6 3.c4 b6 4.e3 Bb7 5.Bd3 Bb4+ 6.Nbd2 Ne4 7.O-O f5 8.a3 Bd6
9.Ne5 Qf6 10.f4 c5 11.Qh5+ g6 12.Qf3 Bxe5 13.dxe5 Qe7 14.Nxe4 Kd8 15.Bd2 a5
16.Rad1 Kc7 17.Be1 h6 18.Bc2 g5 19.Rd6 Qg7 20.g3 g4 21.Qg2 Rf8 22.Bc3 Qg6
23.b4 axb4 24.axb4 Ra2 25.bxc5 Bxe4 26.cxb6+ Kd8 27.Bxe4 Rxg2+ 28.Bxg2 Ke7
29.b7  1-0

[Event "Hastings7273"]
[Site "Hastings"]
[Date "1972.??.??"]
[Round "6"]
[White "Westerinen, Heikki MJ"]
[Black "Stean, Michael"]
[Result "1-0"]
[WhiteElo "2450"]
[BlackElo "2275"]

1.e4 c5 2.Nf3 d6 3.d4 cxd4 4.Nxd4 Nf6 5.Nc3 a6 6.Be2 e5 7.Nf3 Be7 8.Bg5 Nbd7
9.a4 b6 10.Bc4 Bb7 11.Qe2 O-O 12.Rd1 Qc7 13.O-O h6 14.Bxf6 Nxf6 15.Nh4 Rfc8
16.Bb3 Qc5 17.Rd3 Rc7 18.Kh1 Re8 19.Nf5 Bf8 20.Rg3 Kh8 21.Qf3 d5 22.Nxh6 dxe4
23.Rh3 gxh6 24.Qxf6+ Bg7 25.Rxh6+ Kg8 26.Rg6 Qf8 27.Qxb6 Rd7 28.Rg4 Rb8 29.Qf6 Ba8
30.Qxe5 Rxb3 31.cxb3 f5 32.Rg5 Rf7 33.Qe6 Kh7 34.Rh5+  1-0

[Event "Hastings7273"]
[Site "Hastings"]
[Date "1972.??.??"]
[Round "6"]
[White "Smyslov, Vassily"]
[Black "Wade, Robert Graham"]
[Result "1-0"]
[WhiteElo "2620"]
[BlackElo "2375"]

1.Nf3 d6 2.d4 Bg4 3.e4 e6 4.Nbd2 Nf6 5.c3 Be7 6.Bd3 Nbd7 7.h3 Bh5 8.Nf1 Bg6
9.Ng3 Nh5 10.Nf5 exf5 11.exf5 Nb6 12.fxg6 hxg6 13.Qb3 d5 14.a4 a5 15.O-O O-O
16.Re1 Qd6 17.Ne5 Qf6 18.h4 Qd6 19.g4 Nf6 20.Bf4 Qd8 21.Kg2 Nfd7 22.h5 Nxe5
23.Bxe5 Bd6 24.hxg6 fxg6 25.f3 Bxe5 26.Rxe5 Qf6 27.Rf1 Rae8 28.Rxd5 Nxd5
29.Qxd5+ Qf7 30.Bc4 Re2+ 31.Kg3 Qxd5 32.Bxd5+ Rf7 33.Rf2 Re1 34.Kh4 Kf8 35.Bxf7 Kxf7
36.Kg5 Rd1 37.f4 c5 38.f5 cxd4 39.fxg6+ Ke6 40.cxd4 Rxd4 41.Rf7 Rd5+ 42.Kh4 Rd7
43.Rf3 Rd4 44.b3 Rd5 45.Rf8 Rd3 46.Rf7 Rd7 47.Rf4 Rd6 48.Rf5 b6 49.Rf8 Rd3
50.Rb8 Rd6 51.Kh5 Rd5+ 52.g5 Kf5 53.Rb7 Rd1 54.Rf7+ Ke4 55.Rxg7 Rh1+ 56.Kg4 Rg1+
57.Kh3 Rxg5 58.Kh4 Rg1 59.Kh5 Rg3 60.Re7+ Kf5 61.Rf7+ Ke6 62.Rf8 Ke7 63.Rf5 Ke6
64.Rg5  1-0

[Event "Hastings7273"]
[Site "Hastings"]
[Date "1972.??.??"]
[Round "7"]
[White "Uhlmann, Wolfgang"]
[Black "Smyslov, Vassily"]
[Result "1-0"]
[WhiteElo "2530"]
[BlackElo "2620"]

1.c4 e5 2.Nc3 Nc6 3.Nf3 Nf6 4.g3 Bb4 5.Bg2 O-O 6.O-O e4 7.Ng5 Bxc3 8.bxc3 Re8
9.f3 exf3 10.Nxf3 d5 11.cxd5 Nxd5 12.e4 Nb6 13.d4 Bg4 14.h3 Bh5 15.e5 Nd5
16.Bd2 Qd7 17.g4 Bg6 18.Ng5 Na5 19.h4 h6 20.h5 hxg5 21.hxg6 fxg6 22.Qf3 c6
23.Bxg5 Nc4 24.Qh3 Qe6 25.Rf2 Rf8 26.Bf3 Nxc3 27.Raf1 Rxf3 28.Qxf3 Nb5 29.Kg2 Nxd4
30.Qf8+  1-0

[Event "Hastings7273"]
[Site "Hastings"]
[Date "1972.??.??"]
[Round "7"]
[White "Rajkovic, Dusan"]
[Black "Barcza, Gedeon"]
[Result "0-1"]
[WhiteElo "2390"]
[BlackElo "2465"]

1.c4 e5 2.Nc3 d6 3.d4 exd4 4.Qxd4 Nc6 5.Qd2 Nf6 6.g3 Be7 7.Bg2 O-O 8.Nh3 Nb4
9.Nf4 c6 10.O-O Re8 11.h3 Bf8 12.b3 Na6 13.e4 Nc5 14.Re1 a6 15.Bb2 Bd7 16.g4 h6
17.Nd3 Nxd3 18.Qxd3 Nh7 19.Rad1 Qa5 20.f4 Rad8 21.Ne2 Be7 22.Bc3 Qc7 23.Ng3 d5
24.cxd5 cxd5 25.exd5 Qxf4 26.Nh5 Bc5+ 27.Kh1 Rxe1+ 28.Rxe1 Qf2 29.Rf1 Qh4
30.Qg3 Qxg3 31.Nxg3 Ng5 32.Rd1 Re8 33.Nh5 Nxh3 34.Bxh3 Re3 35.Bxg7 Rxh3+
36.Kg2 Rxh5 37.gxh5 Kxg7 38.Kf3 Kf6 39.Kf4 Ke7 40.Ke5 f6+ 41.Ke4 Kd6 42.Rd2 Bg4
43.Kf4 f5  0-1